000
003310000a22001570004500
001
000100
003
MACL
040
_a
MACL
090
_c
100
_d
100
100
_a
Narla, V.R.
245
_a
Vemana
_c
V.R. Narla
260
_a
Sahitya Akademi,
_c
1997
350
_a
25
650
_a
Literature Phylosophy & Theory
942
_k
802
_c
Book
999
_c
49407
_d
49407